000 00744cam a2200265 4500
001 45405
010 _a9722906259
021 _b186169/02
090 _a45405
100 _a20030131d2002 a y0pory5003 ba
101 1 _apor
102 _aPT
200 1 _aA cidade dos deuses selvagens
_fIsabel Allende
_gtrad. Maria Helena Pitta
205 _a4.ª ed.
210 9 _aMiraflores
_cDifel,
_d2002
215 _a284 p.
_d23 cm
225 2 _aLiteratura estrangeira
304 _aTít. orig.: La ciudad de las bestias
675 _a087.5
_vBN
_zpor
675 _a821.134.2(83)-93"19/20"
_vBN
_zpor
675 _a821.134.2(83)-311.3"19/20"
_vBN
_zpor
700 1 _aAllende,
_bIsabel,
_f1942-
702 1 _aPitta,
_bHelena
_4730
801 _aPT
_gRPC
990 _cLIVROS